000 00374nam a2200157Ia 4500
008 210210b1921 xxu||||| |||| 00| 0 eng d
041 _aeng
082 _a829/694
100 _aLUCAS (E V)
245 _aLondon lavender
260 _aLondon
_bMethuen and Company Limited
_c1921
650 _aLondon
650 _alavender
690 _aEnglish Fiction
906 _a017293
999 _c137251
_d137251